Die Verlegung von Kalabsha

Saved in:

Main Author: Hanns Stock

Other Authors: Kurt Bittel

Format: Book

Language: Undetermined

Published: München [s.n.] 1963

Subjects:

Tags: Add Tag

No Tags, Be the first to tag this record!

Call Number: (F) DT73 .K32 S85

LEADER 00702nam a2200193Ia 4500
008 220904s9999||||xx |||||||||||||| ||und||
050 |a (F) DT73 .K32 S85 
100 1 |a  Hanns Stock 
245 1 0 |a Die Verlegung von Kalabsha  |c Hanns Stock, Kurt Bittel 
264 1 |a München  |b  [s.n.]  |c 1963 
300 |a Ongepag  |c 35CM 
500 |a  Voornamelijk illustraties. - Titels en tekst ook in het Frans. 
504 |a TEXTE IN ENGLISH, FRENCH , GERMAN 
505 0 |a Egypt -- Antiquities. 
650 4 |a KALBSHA TEMPLE -- EGYPT 
700 1 |a Kurt Bittel 
942 |2 lcc  |c BK 
952 |0 0  |1 0  |2 lcc  |4 0  |7 1  |9 42698  |a ARCE  |b ARCE  |d 2022-09-04  |l 0  |o (F) DT73 .K32 S85  |p 1022203  |r 2022-09-04 00:00:00  |w 2022-09-04  |y BK 
999 |c 49371  |d 49371